[Event "Västerås Open 26-28 September 2014"]
[Site "Växhuset, Västerås, Sweden"]
[Date "2014.09.26"]
[Round "4.1"]
[White "Solodovnitjenko, Jurij"]
[Black "Borsuk, Jurij"]
[Result "1-0"]
[LiveChessVersion "1.4.4"]
[BlackElo "2300"]
[WhiteElo "2566"]

1. e4 {[%clk 0:15:09]} e5 {[%clk 0:15:10]} 2. Nf3 {[%clk 0:15:12]} Nc6
{[%clk 0:15:15]} 3. Bb5 a6 4. Ba4 {[%clk 0:15:20]} Nf6 {[%clk 0:15:22]} 5. O-O
{[%clk 0:15:23]} b5 {[%clk 0:15:25]} 6. Bb3 {[%clk 0:15:27]} Be7 {[%clk 0:15:29]}
7. Re1 {[%clk 0:15:28]} d6 {[%clk 0:15:33]} 8. c3 {[%clk 0:15:32]} O-O
{[%clk 0:15:36]} 9. h3 {[%clk 0:15:37]} Na5 {[%clk 0:15:41]} 10. Bc2
{[%clk 0:15:41]} c5 11. d4 Nd7 {[%clk 0:15:46]} 12. Nbd2 {[%clk 0:15:40]} exd4
{[%clk 0:15:50]} 13. cxd4 {[%clk 0:15:44]} Nc6 {[%clk 0:15:54]} 14. d5
{[%clk 0:15:45]} Nce5 {[%clk 0:15:58]} 15. Nxe5 {[%clk 0:15:49]} Nxe5
{[%clk 0:16:01]} 16. a4 {[%clk 0:15:53]} Rb8 {[%clk 0:15:42]} 17. axb5
{[%clk 0:15:54]} axb5 {[%clk 0:15:46]} 18. f4 {[%clk 0:15:57]} Ng6
{[%clk 0:15:51]} 19. Nf3 {[%clk 0:15:58]} Bh4 {[%clk 0:15:55]} 20. Rf1
{[%clk 0:15:31]} Bg3 {[%clk 0:15:57]} 21. f5 {[%clk 0:15:35]} Ne5
{[%clk 0:16:02]} 22. Ng5 {[%clk 0:15:39]} h6 {[%clk 0:15:40]} 23. f6
{[%clk 0:15:43]} hxg5 {[%clk 0:10:42]} 24. Bxg5 {[%clk 0:15:47]} Ng6
{[%clk 0:10:44]} 25. Qh5 {[%clk 0:14:44]} Bf4 {[%clk 0:09:27]} 26. Rxf4
{[%clk 0:10:30]} Nxf4 {[%clk 0:09:23]} 27. Bxf4 {[%clk 0:10:34]} Qxf6
{[%clk 0:07:14]} 28. e5 {[%clk 0:10:37]} g6 {[%clk 0:07:18]} 29. exf6
{[%clk 0:10:36]} gxh5 {[%clk 0:07:22]} 30. Bxd6 {[%clk 0:10:30]} Bb7
{[%clk 0:07:20]} 31. Bxb8 {[%clk 0:09:00]} Rxb8 {[%clk 0:07:23]} 32. d6
{[%clk 0:09:03]} Bd5 {[%clk 0:06:48]} 33. Re1 {[%clk 0:08:15]} Rd8
{[%clk 0:06:27]} 34. Re5 {[%clk 0:08:15]} Bc6 {[%clk 0:06:27]} 35. Rg5+
{[%clk 0:08:04]} Kh8 {[%clk 0:06:18]} 36. Rxh5+ {[%clk 0:08:06]} Kg8
{[%clk 0:06:22]} 37. Bh7+ {[%clk 0:08:00]} 1-0

[Event "Västerås Open 26-28 September 2014"]
[Site "Växhuset, Västerås, Sweden"]
[Date "2014.09.26"]
[Round "4.2"]
[White "Hansen, Lars"]
[Black "Berg, Emanuel"]
[Result "0-1"]
[LiveChessVersion "1.4.4"]
[BlackElo "2555"]
[WhiteElo "2273"]

1. d4 {[%clk 0:15:01]} Nf6 {[%clk 0:15:09]} 2. Bg5 {[%clk 0:15:04]} e6
{[%clk 0:15:12]} 3. e4 {[%clk 0:15:03]} h6 {[%clk 0:15:10]} 4. Bxf6
{[%clk 0:15:06]} Qxf6 {[%clk 0:15:13]} 5. c3 {[%clk 0:15:09]} d6 {[%clk 0:15:15]}
6. Bd3 {[%clk 0:15:08]} c6 {[%clk 0:15:07]} 7. Ne2 {[%clk 0:15:05]} e5
{[%clk 0:15:06]} 8. O-O {[%clk 0:14:59]} g5 {[%clk 0:14:50]} 9. Nd2
{[%clk 0:14:38]} h5 {[%clk 0:14:40]} 10. Nc4 {[%clk 0:13:50]} h4 {[%clk 0:14:24]}
11. f3 {[%clk 0:13:13]} Be7 {[%clk 0:14:09]} 12. Qd2 {[%clk 0:13:02]} Nd7
{[%clk 0:14:08]} 13. Rae1 {[%clk 0:11:35]} Nf8 {[%clk 0:14:04]} 14. Ne3
{[%clk 0:10:19]} Bd8 {[%clk 0:13:22]} 15. Bc4 {[%clk 0:09:13]} Bb6
{[%clk 0:12:57]} 16. Kh1 {[%clk 0:08:38]} Ng6 {[%clk 0:11:04]} 17. dxe5
{[%clk 0:07:02]} dxe5 {[%clk 0:10:50]} 18. b4 {[%clk 0:05:45]} Bd7
{[%clk 0:10:23]} 19. a4 {[%clk 0:05:00]} a6 {[%clk 0:09:51]} 20. Bb3
{[%clk 0:04:48]} Rd8 {[%clk 0:09:21]} 21. Nc4 {[%clk 0:04:39]} Be6
{[%clk 0:08:27]} 22. Qa2 {[%clk 0:04:40]} Bxc4 {[%clk 0:07:21]} 23. Bxc4
{[%clk 0:04:43]} h3 {[%clk 0:07:21]} 24. g3 {[%clk 0:04:34]} Be3 {[%clk 0:06:56]}
25. Qb1 {[%clk 0:03:18]} b5 {[%clk 0:06:15]} 26. Bd3 {[%clk 0:03:04]} O-O
{[%clk 0:05:46]} 27. Ng1 {[%clk 0:03:02]} Bxg1 {[%clk 0:04:51]} 28. Kxg1
{[%clk 0:03:05]} Rd6 {[%clk 0:04:51]} 29. Be2 {[%clk 0:02:52]} Rd2
{[%clk 0:04:35]} 30. Rf2 {[%clk 0:02:16]} Rfd8 {[%clk 0:04:32]} 31. Bf1
{[%clk 0:02:13]} Qe6 {[%clk 0:03:07]} 32. Rxd2 {[%clk 0:01:49]} Rxd2
{[%clk 0:03:11]} 33. Re2 {[%clk 0:01:43]} Rxe2 {[%clk 0:02:31]} 34. Bxe2
{[%clk 0:01:47]} bxa4 {[%clk 0:02:35]} 35. Bxa6 {[%clk 0:01:25]} a3
{[%clk 0:02:39]} 36. Bd3 {[%clk 0:01:12]} Qd7 {[%clk 0:02:20]} 37. Bc4
{[%clk 0:00:33]} Qd2 {[%clk 0:02:00]} 38. Qa2 {[%clk 0:00:36]} Qe1+
{[%clk 0:01:58]} 39. Bf1 {[%clk 0:00:34]} Qe3+ {[%clk 0:02:01]} 40. Kh1
{[%clk 0:00:32]} Qxf3+ {[%clk 0:02:05]} 41. Kg1 {[%clk 0:00:36]} Qe3+
{[%clk 0:02:09]} 42. Kh1 {[%clk 0:00:38]} Qxe4+ {[%clk 0:02:12]} 43. Kg1
{[%clk 0:00:42]} Qe3+ {[%clk 0:02:16]} 44. Kh1 {[%clk 0:00:45]} Qxc3
{[%clk 0:02:06]} 0-1

[Event "Västerås Open 26-28 September 2014"]
[Site "Växhuset, Västerås, Sweden"]
[Date "2014.09.26"]
[Round "4.3"]
[White "Hillarp, Persson Tiger"]
[Black "Persson, Mats"]
[Result "1-0"]
[LiveChessVersion "1.4.4"]
[BlackElo "2239"]
[WhiteElo "2552"]

1. d4 {[%clk 0:15:08]} d5 {[%clk 0:15:08]} 2. c4 {[%clk 0:15:11]} e6
{[%clk 0:15:12]} 3. Nc3 {[%clk 0:15:15]} c5 {[%clk 0:15:16]} 4. e3
{[%clk 0:15:07]} Nf6 {[%clk 0:15:17]} 5. Nf3 {[%clk 0:15:11]} Nc6
{[%clk 0:15:20]} 6. cxd5 {[%clk 0:15:14]} exd5 {[%clk 0:15:23]} 7. Bb5
{[%clk 0:15:17]} Bd6 {[%clk 0:15:19]} 8. O-O {[%clk 0:14:46]} O-O
{[%clk 0:15:22]} 9. dxc5 {[%clk 0:13:49]} Bxc5 {[%clk 0:15:24]} 10. b3
{[%clk 0:13:53]} Bg4 {[%clk 0:15:19]} 11. Ne2 {[%clk 0:11:43]} Bxf3
{[%clk 0:13:50]} 12. gxf3 {[%clk 0:11:46]} a6 {[%clk 0:10:43]} 13. Bxc6
{[%clk 0:11:48]} bxc6 {[%clk 0:10:47]} 14. Bb2 {[%clk 0:11:45]} Rc8
{[%clk 0:10:34]} 15. Ng3 {[%clk 0:09:39]} Re8 {[%clk 0:07:10]} 16. Qd3
{[%clk 0:09:03]} a5 {[%clk 0:07:01]} 17. Kh1 {[%clk 0:08:58]} Bd6
{[%clk 0:06:18]} 18. Rg1 {[%clk 0:08:10]} Be5 {[%clk 0:05:48]} 19. Bxe5
{[%clk 0:08:04]} Rxe5 {[%clk 0:05:50]} 20. Qd4 {[%clk 0:07:30]} Re6
{[%clk 0:05:01]} 21. Rac1 {[%clk 0:07:17]} g6 {[%clk 0:04:52]} 22. Rc2
{[%clk 0:06:15]} Rb8 {[%clk 0:02:39]} 23. Rgc1 {[%clk 0:04:25]} Rb4
{[%clk 0:02:24]} 24. Qa7 {[%clk 0:04:10]} d4 {[%clk 0:01:32]} 25. e4
{[%clk 0:03:59]} d3 {[%clk 0:01:24]} 26. Rd2 {[%clk 0:04:02]} h5 {[%clk 0:00:29]}
27. Qe3 {[%clk 0:03:11]} Rd4 {[%clk 0:00:29]} 28. Rcd1 {[%clk 0:03:04]} h4
{[%clk 0:00:25]} 29. Rxd3 {[%clk 0:02:29]} Rxd3 {[%clk 0:00:27]} 30. Rxd3
{[%clk 0:02:32]} Nd5 {[%clk 0:00:28]} 31. Qd2 {[%clk 0:02:35]} hxg3
{[%clk 0:00:30]} 32. hxg3 {[%clk 0:02:37]} Rd6 {[%clk 0:00:15]} 33. exd5
{[%clk 0:02:40]} cxd5 {[%clk 0:00:19]} 34. Rd4 {[%clk 0:02:40]} Qd7
{[%clk 0:00:13]} 35. Kg2 {[%clk 0:02:42]} Qb5 {[%clk 0:00:15]} 36. f4
{[%clk 0:02:14]} Rd7 {[%clk 0:00:09]} 37. f5 {[%clk 0:02:14]} Kg7
{[%clk 0:00:08]} 38. Qg5 {[%clk 0:01:49]} Qc6 {[%clk 0:00:09]} 39. fxg6
{[%clk 0:01:33]} fxg6 {[%clk 0:00:12]} 40. Qe5+ {[%clk 0:01:29]} Kg8
{[%clk 0:00:12]} 41. g4 {[%clk 0:00:59]} Qd6 {[%clk 0:00:10]} 42. Qxd6
{[%clk 0:00:57]} Rxd6 {[%clk 0:00:13]} 43. Kf3 {[%clk 0:01:00]} g5
{[%clk 0:00:17]} 44. Ke3 {[%clk 0:01:00]} Kf7 {[%clk 0:00:19]} 45. Ra4
{[%clk 0:01:02]} Re6+ {[%clk 0:00:17]} 46. Kf3 {[%clk 0:00:36]} Ra6
{[%clk 0:00:18]} 47. Ke3 {[%clk 0:00:33]} Ke6 {[%clk 0:00:19]} 48. b4
{[%clk 0:00:21]} Ke5 {[%clk 0:00:17]} 49. Rxa5 {[%clk 0:00:23]} Rc6
{[%clk 0:00:17]} 50. Rc5 {[%clk 0:00:23]} Ra6 {[%clk 0:00:18]} 51. Rc2
{[%clk 0:00:24]} Ra3+ {[%clk 0:00:20]} 52. Ke2 {[%clk 0:00:27]} Ke4
{[%clk 0:00:20]} 53. b5 {[%clk 0:00:27]} d4 {[%clk 0:00:23]} 54. Rb2
{[%clk 0:00:31]} Ra7 {[%clk 0:00:09]} 55. b6 {[%clk 0:00:35]} Rb7
{[%clk 0:00:10]} 56. a4 {[%clk 0:00:39]} Kd5 1-0

[Event "Västerås Open 26-28 September 2014"]
[Site "Växhuset, Västerås, Sweden"]
[Date "2014.09.26"]
[Round "4.4"]
[White "Blomqvist, Erik"]
[Black "Kumar, Rahul"]
[Result "1-0"]
[LiveChessVersion "1.4.4"]
[BlackElo "2174"]
[WhiteElo "2506"]

1. e4 {[%clk 0:15:09]} g6 {[%clk 0:15:08]} 2. d4 {[%clk 0:15:13]} Bg7
{[%clk 0:15:12]} 3. Nc3 {[%clk 0:15:17]} d6 {[%clk 0:15:15]} 4. f4
{[%clk 0:15:20]} e6 {[%clk 0:14:57]} 5. Nf3 {[%clk 0:15:23]} Ne7 {[%clk 0:14:59]}
6. Bd3 {[%clk 0:15:25]} b6 {[%clk 0:14:24]} 7. e5 {[%clk 0:14:58]} Bb7
{[%clk 0:13:15]} 8. Ne4 {[%clk 0:14:18]} Bxe4 {[%clk 0:13:12]} 9. Bxe4
{[%clk 0:14:22]} d5 {[%clk 0:13:15]} 10. Bd3 {[%clk 0:14:26]} c5 {[%clk 0:13:09]}
11. Be3 {[%clk 0:14:10]} c4 {[%clk 0:12:44]} 12. Be2 {[%clk 0:14:14]} h5
{[%clk 0:12:26]} 13. Qd2 {[%clk 0:13:48]} Nbc6 {[%clk 0:12:25]} 14. Bf2
{[%clk 0:13:42]} Nf5 {[%clk 0:12:14]} 15. g3 {[%clk 0:13:25]} b5 {[%clk 0:11:01]}
16. h3 {[%clk 0:12:52]} Kd7 {[%clk 0:10:52]} 17. b3 {[%clk 0:12:08]} Qa5
{[%clk 0:10:46]} 18. Qxa5 {[%clk 0:10:13]} Nxa5 {[%clk 0:10:49]} 19. Kd2
{[%clk 0:10:11]} Bf8 {[%clk 0:10:52]} 20. g4 {[%clk 0:09:09]} Ng7
{[%clk 0:10:28]} 21. Bh4 {[%clk 0:07:30]} Rc8 {[%clk 0:10:06]} 22. Bf6
{[%clk 0:07:15]} Rg8 {[%clk 0:09:55]} 23. Ng5 {[%clk 0:05:39]} Ne8
{[%clk 0:08:56]} 24. Nxf7 {[%clk 0:05:17]} a6 {[%clk 0:08:58]} 25. Bh4
{[%clk 0:04:10]} cxb3 {[%clk 0:08:16]} 26. cxb3 {[%clk 0:04:12]} Bb4+
{[%clk 0:08:17]} 27. Ke3 {[%clk 0:04:01]} Rc2 {[%clk 0:07:23]} 28. Bd3
{[%clk 0:03:31]} Rb2 {[%clk 0:07:25]} 29. Be1 {[%clk 0:02:53]} Nc6
{[%clk 0:07:09]} 30. Ng5 {[%clk 0:02:15]} Nc7 {[%clk 0:05:10]} 31. Nh7
{[%clk 0:01:38]} Rg7 {[%clk 0:04:11]} 32. Nf6+ {[%clk 0:01:41]} Ke7
{[%clk 0:04:14]} 33. Rc1 {[%clk 0:01:31]} Bxe1 {[%clk 0:03:27]} 34. Rhxe1
{[%clk 0:01:32]} Ne8 {[%clk 0:03:24]} 35. Rxc6 {[%clk 0:01:32]} Rxa2
{[%clk 0:03:23]} 36. Rec1 {[%clk 0:01:20]} Rh2 {[%clk 0:02:31]} 37. Rc8
{[%clk 0:01:07]} Rxh3+ {[%clk 0:02:06]} 38. Kd2 {[%clk 0:01:10]} Rxd3+
{[%clk 0:02:08]} 39. Kxd3 {[%clk 0:01:13]} Nxf6 {[%clk 0:02:11]} 40. exf6+
{[%clk 0:01:04]} Kxf6 {[%clk 0:02:15]} 41. Rf8+ {[%clk 0:00:37]} Ke7
{[%clk 0:02:06]} 42. Ra8 {[%clk 0:00:21]} Kf6 {[%clk 0:02:10]} 43. g5+
{[%clk 0:00:19]} Kf5 {[%clk 0:02:13]} 44. Rf8+ {[%clk 0:00:23]} Kg4
{[%clk 0:02:14]} 45. Rg1+ {[%clk 0:00:26]} Kf3 {[%clk 0:02:17]} 46. Rf6
{[%clk 0:00:27]} h4 {[%clk 0:02:19]} 47. Rxe6 {[%clk 0:00:26]} h3
{[%clk 0:02:22]} 48. Re3+ {[%clk 0:00:29]} Kxf4 {[%clk 0:02:10]} 49. Rxh3
{[%clk 0:00:33]} Rc7 {[%clk 0:02:07]} 50. Rh4+ {[%clk 0:00:34]} Kf3
{[%clk 0:02:08]} 51. Rh6 {[%clk 0:00:36]} Rc6 {[%clk 0:02:12]} 52. Rh7
{[%clk 0:00:38]} Kf2 {[%clk 0:02:07]} 53. Rgh1 {[%clk 0:00:40]} b4
{[%clk 0:02:11]} 54. Rf7+ {[%clk 0:00:36]} Kg2 {[%clk 0:02:15]} 55. Rh6
{[%clk 0:00:34]} Rc3+ {[%clk 0:02:18]} 56. Kd2 {[%clk 0:00:38]} Rxb3
{[%clk 0:02:23]} 57. Rxg6 {[%clk 0:00:41]} a5 {[%clk 0:02:13]} 58. Ra6
{[%clk 0:00:44]} Rb2+ {[%clk 0:02:13]} 59. Kc1 {[%clk 0:00:45]} Ra2
{[%clk 0:02:17]} 60. g6 {[%clk 0:00:42]} 1-0

[Event "Västerås Open 26-28 September 2014"]
[Site "Växhuset, Västerås, Sweden"]
[Date "2014.09.26"]
[Round "4.5"]
[White "Henriksson, Johan"]
[Black "Smith, Axel"]
[Result "0-1"]
[LiveChessVersion "1.4.4"]
[BlackElo "2481"]
[WhiteElo "2272"]

1. d4 {[%clk 0:15:08]} d5 {[%clk 0:15:09]} 2. Nf3 {[%clk 0:15:07]} Nf6
{[%clk 0:15:11]} 3. c4 {[%clk 0:15:05]} c6 {[%clk 0:15:15]} 4. Nc3
{[%clk 0:14:58]} dxc4 {[%clk 0:15:18]} 5. a4 {[%clk 0:14:33]} Bf5
{[%clk 0:15:22]} 6. Ne5 {[%clk 0:13:23]} Nbd7 {[%clk 0:15:25]} 7. Nxc4
{[%clk 0:12:59]} Qc7 {[%clk 0:15:29]} 8. g3 {[%clk 0:12:43]} e5 {[%clk 0:15:33]}
9. dxe5 {[%clk 0:11:45]} Nxe5 {[%clk 0:15:37]} 10. Bf4 {[%clk 0:10:56]} Nfd7
{[%clk 0:15:41]} 11. Bg2 {[%clk 0:10:15]} g5 {[%clk 0:15:44]} 12. Nxe5
{[%clk 0:08:29]} gxf4 {[%clk 0:15:47]} 13. Nxd7 {[%clk 0:08:08]} O-O-O
{[%clk 0:15:50]} 14. Qd4 {[%clk 0:07:43]} Qxd7 {[%clk 0:15:53]} 15. Qxd7+
{[%clk 0:06:35]} Rxd7 {[%clk 0:15:40]} 16. gxf4 {[%clk 0:06:36]} Bg7
{[%clk 0:15:19]} 17. Rd1 {[%clk 0:03:49]} Rhd8 {[%clk 0:14:51]} 18. Rxd7
{[%clk 0:02:54]} Rxd7 {[%clk 0:14:55]} 19. h4 {[%clk 0:02:50]} Rd4
{[%clk 0:12:57]} 20. e4 {[%clk 0:01:48]} Be6 {[%clk 0:13:01]} 21. f5
{[%clk 0:01:19]} Bd7 {[%clk 0:11:32]} 22. Rg1 {[%clk 0:00:56]} Rb4
{[%clk 0:11:28]} 23. Bf3 {[%clk 0:00:48]} Be5 {[%clk 0:10:08]} 24. Rg8+
{[%clk 0:00:46]} Kc7 {[%clk 0:10:11]} 25. Rf8 {[%clk 0:00:49]} Rxb2
{[%clk 0:09:08]} 26. Nd1 {[%clk 0:00:53]} Rb3 {[%clk 0:09:12]} 27. Be2
{[%clk 0:00:40]} f6 {[%clk 0:09:11]} 28. Rf7 {[%clk 0:00:42]} Rb4
{[%clk 0:08:51]} 29. f3 {[%clk 0:00:37]} Bg3+ {[%clk 0:08:27]} 30. Kf1
{[%clk 0:00:41]} Bxh4 {[%clk 0:08:28]} 31. Rxh7 {[%clk 0:00:43]} Bg5
{[%clk 0:07:57]} 32. Nc3 {[%clk 0:00:22]} Bd2 {[%clk 0:07:34]} 33. Nd1
{[%clk 0:00:21]} Rxa4 {[%clk 0:07:08]} 34. Nb2 {[%clk 0:00:10]} Ra1+
{[%clk 0:06:26]} 35. Kg2 {[%clk 0:00:14]} Bc3 {[%clk 0:06:19]} 36. Nc4
{[%clk 0:00:11]} Ra2 {[%clk 0:05:35]} 37. Kf1 {[%clk 0:00:15]} b5
{[%clk 0:05:36]} 38. Ne3 {[%clk 0:00:19]} a5 {[%clk 0:04:31]} 39. Ng4
{[%clk 0:00:23]} Kd6 {[%clk 0:04:03]} 40. e5+ {[%clk 0:00:22]} Bxe5
{[%clk 0:03:04]} 41. Nxe5 {[%clk 0:00:26]} fxe5 {[%clk 0:02:49]} 42. f6
{[%clk 0:00:27]} Be6 {[%clk 0:02:37]} 43. Rb7 {[%clk 0:00:16]} Ra4
{[%clk 0:02:24]} 0-1

[Event "Västerås Open 26-28 September 2014"]
[Site "Växhuset, Västerås, Sweden"]
[Date "2014.09.26"]
[Round "4.6"]
[White "Semcesen, Daniel"]
[Black "Wengholm, Anders"]
[Result "1-0"]
[LiveChessVersion "1.4.4"]
[BlackElo "2157"]
[WhiteElo "2472"]

1. d4 {[%clk 0:15:01]} Nf6 {[%clk 0:15:08]} 2. c4 {[%clk 0:14:58]} g6
{[%clk 0:15:11]} 3. Nc3 {[%clk 0:14:59]} Bg7 {[%clk 0:15:12]} 4. e4
{[%clk 0:14:59]} d6 {[%clk 0:15:13]} 5. h3 {[%clk 0:14:59]} O-O {[%clk 0:14:43]}
6. Nf3 {[%clk 0:14:58]} c5 {[%clk 0:14:41]} 7. d5 {[%clk 0:14:46]} e6
{[%clk 0:13:09]} 8. Bd3 {[%clk 0:14:29]} Re8 {[%clk 0:13:12]} 9. O-O
{[%clk 0:14:21]} Na6 {[%clk 0:13:12]} 10. Bg5 {[%clk 0:13:52]} Nc7
{[%clk 0:13:01]} 11. a4 {[%clk 0:13:25]} h6 {[%clk 0:10:15]} 12. Be3
{[%clk 0:13:07]} e5 {[%clk 0:10:09]} 13. a5 {[%clk 0:12:40]} Na6 {[%clk 0:09:21]}
14. Qd2 {[%clk 0:11:52]} Kh7 {[%clk 0:09:24]} 15. Na2 {[%clk 0:11:22]} Nh5
{[%clk 0:09:02]} 16. g4 {[%clk 0:08:40]} Nf4 {[%clk 0:09:05]} 17. Bxf4
{[%clk 0:08:43]} exf4 {[%clk 0:09:07]} 18. Qxf4 {[%clk 0:08:46]} Qe7
{[%clk 0:08:35]} 19. Nc3 {[%clk 0:08:37]} Nb8 {[%clk 0:08:05]} 20. Nb5
{[%clk 0:07:58]} Rd8 {[%clk 0:07:50]} 21. Rfe1 {[%clk 0:07:38]} a6
{[%clk 0:07:36]} 22. Nxd6 {[%clk 0:06:46]} Rxd6 {[%clk 0:07:16]} 23. e5
{[%clk 0:06:49]} Rd8 {[%clk 0:07:18]} 24. Re3 {[%clk 0:06:45]} Nd7
{[%clk 0:06:37]} 25. Rae1 {[%clk 0:06:48]} Nf8 {[%clk 0:06:37]} 26. h4
{[%clk 0:06:19]} Bd7 {[%clk 0:05:56]} 27. Kg2 {[%clk 0:06:12]} Be8
{[%clk 0:05:51]} 28. h5 {[%clk 0:05:54]} b5 {[%clk 0:04:26]} 29. axb6
{[%clk 0:05:16]} Rab8 {[%clk 0:04:31]} 30. Rh1 {[%clk 0:05:15]} Rxb6
{[%clk 0:04:17]} 31. g5 {[%clk 0:05:14]} Kg8 {[%clk 0:03:17]} 32. Qg3
{[%clk 0:03:53]} hxg5 {[%clk 0:01:44]} 33. h6 {[%clk 0:03:47]} Bh8
{[%clk 0:01:41]} 34. h7+ {[%clk 0:03:19]} Nxh7 {[%clk 0:01:20]} 35. Qh2
{[%clk 0:03:08]} Bg7 {[%clk 0:01:13]} 36. Qxh7+ Kf8 37. Nh2 {[%clk 0:02:18]} Bd7
{[%clk 0:00:58]} 38. e6 {[%clk 0:02:21]} fxe6 {[%clk 0:00:41]} 39. Rf3+
{[%clk 0:02:14]} Bf6 {[%clk 0:00:11]} 40. Ng4 {[%clk 0:01:50]} Qxh7
{[%clk 0:00:08]} 41. Rxh7 {[%clk 0:01:50]} 1-0

[Event "Västerås Open 26-28 September 2014"]
[Site "Växhuset, Västerås, Sweden"]
[Date "2014.09.26"]
[Round "4.7"]
[White "Lind, Jan-Olov"]
[Black "Åkesson, Ralf"]
[Result "0-1"]
[LiveChessVersion "1.4.4"]
[BlackElo "2471"]
[WhiteElo "2245"]

1. e4 {[%clk 0:15:08]} c5 {[%clk 0:15:07]} 2. Nf3 {[%clk 0:15:11]} e6
{[%clk 0:15:08]} 3. d3 {[%clk 0:15:14]} Nc6 {[%clk 0:15:03]} 4. g3
{[%clk 0:15:16]} d5 {[%clk 0:14:38]} 5. Nbd2 {[%clk 0:15:17]} g6 {[%clk 0:14:32]}
6. Bg2 {[%clk 0:15:14]} Bg7 {[%clk 0:14:35]} 7. O-O {[%clk 0:15:11]} Nge7
{[%clk 0:14:36]} 8. Re1 {[%clk 0:14:24]} b6 {[%clk 0:12:15]} 9. exd5
{[%clk 0:10:33]} exd5 {[%clk 0:11:46]} 10. d4 {[%clk 0:09:17]} O-O
{[%clk 0:08:43]} 11. dxc5 {[%clk 0:08:38]} bxc5 {[%clk 0:08:46]} 12. Nb3
{[%clk 0:08:34]} Qb6 {[%clk 0:07:54]} 13. Be3 {[%clk 0:05:46]} d4
{[%clk 0:07:26]} 14. Bg5 {[%clk 0:04:48]} Nf5 {[%clk 0:06:02]} 15. Nfd2
{[%clk 0:04:47]} Be6 {[%clk 0:05:46]} 16. Rxe6 {[%clk 0:04:18]} fxe6
{[%clk 0:05:49]} 17. Nc4 {[%clk 0:04:20]} Qb5 {[%clk 0:05:03]} 18. Qf1
{[%clk 0:03:00]} Rac8 {[%clk 0:04:30]} 19. a4 {[%clk 0:03:02]} Qb4
{[%clk 0:04:04]} 20. Bd2 {[%clk 0:03:01]} Qb8 {[%clk 0:04:07]} 21. Nxc5
{[%clk 0:02:38]} Ne5 {[%clk 0:01:47]} 22. Nxe5 {[%clk 0:02:32]} Rxc5
{[%clk 0:01:28]} 23. Nd7 {[%clk 0:02:30]} Qc7 {[%clk 0:01:31]} 24. Nxc5
{[%clk 0:02:30]} Qxc5 {[%clk 0:01:35]} 25. Qd3 {[%clk 0:02:23]} Rc8
{[%clk 0:01:37]} 26. Rc1 {[%clk 0:01:53]} Nd6 {[%clk 0:01:30]} 27. b4
{[%clk 0:01:28]} Qh5 {[%clk 0:01:01]} 28. Qa6 {[%clk 0:01:25]} Bf8
{[%clk 0:00:32]} 29. Bf4 {[%clk 0:01:18]} e5 {[%clk 0:00:35]} 30. Bd5+
{[%clk 0:01:14]} Kh8 {[%clk 0:00:38]} 31. Bd2 {[%clk 0:01:11]} e4
{[%clk 0:00:34]} 32. Be6 {[%clk 0:01:08]} Re8 {[%clk 0:00:33]} 33. Bd7
{[%clk 0:00:51]} Rd8 {[%clk 0:00:35]} 34. Qxa7 {[%clk 0:00:47]} Qd5
{[%clk 0:00:25]} 35. Bh3 {[%clk 0:00:40]} e3 {[%clk 0:00:18]} 36. fxe3
{[%clk 0:00:43]} Nc4 {[%clk 0:00:22]} 37. Bg2 {[%clk 0:00:39]} Qg5
{[%clk 0:00:24]} 38. Qc7 {[%clk 0:00:38]} Nxd2 {[%clk 0:00:24]} 39. exd4
{[%clk 0:00:31]} Nf3+ {[%clk 0:00:25]} 40. Bxf3 {[%clk 0:00:33]} Qxc1+
{[%clk 0:00:29]} 41. Kg2 {[%clk 0:00:36]} Qd2+ {[%clk 0:00:32]} 42. Kh3
{[%clk 0:00:38]} Qxd4 {[%clk 0:00:34]} 43. Bc6 {[%clk 0:00:32]} Bxb4
{[%clk 0:00:27]} 44. a5 {[%clk 0:00:34]} Rf8 {[%clk 0:00:15]} 45. a6
{[%clk 0:00:33]} Bd6 {[%clk 0:00:11]} 46. Qd7 {[%clk 0:00:17]} Bc5
{[%clk 0:00:15]} 47. Qe6 {[%clk 0:00:16]} Qf6 {[%clk 0:00:16]} 48. Qd7
{[%clk 0:00:16]} Qf5+ {[%clk 0:00:19]} 49. Qxf5 {[%clk 0:00:19]} Rxf5 0-1

[Event "Västerås Open 26-28 September 2014"]
[Site "Växhuset, Västerås, Sweden"]
[Date "2014.09.26"]
[Round "4.8"]
[White "Tari, Aryan"]
[Black "Selimian, Hrayr"]
[Result "1-0"]
[LiveChessVersion "1.4.4"]
[BlackElo "2144"]
[WhiteElo "2456"]

1. c4 {[%clk 0:15:09]} c5 {[%clk 0:15:00]} 2. Nf3 {[%clk 0:15:12]} Nc6
{[%clk 0:14:59]} 3. d4 {[%clk 0:15:07]} cxd4 {[%clk 0:14:48]} 4. Nxd4
{[%clk 0:15:10]} Nf6 {[%clk 0:14:39]} 5. Nc3 {[%clk 0:15:14]} e6 {[%clk 0:14:00]}
6. Bf4 {[%clk 0:15:18]} a6 {[%clk 0:12:49]} 7. Nxc6 {[%clk 0:15:21]} bxc6
{[%clk 0:12:38]} 8. Bd6 {[%clk 0:15:09]} Bxd6 {[%clk 0:11:09]} 9. Qxd6
{[%clk 0:15:12]} Qe7 {[%clk 0:11:11]} 10. O-O-O {[%clk 0:13:30]} Qxd6
{[%clk 0:10:43]} 11. Rxd6 {[%clk 0:13:34]} Ke7 {[%clk 0:09:44]} 12. c5
{[%clk 0:13:38]} Ne8 {[%clk 0:08:46]} 13. Rd2 {[%clk 0:13:41]} d5
{[%clk 0:08:49]} 14. cxd6+ {[%clk 0:13:45]} Nxd6 {[%clk 0:08:53]} 15. e4
{[%clk 0:13:45]} e5 {[%clk 0:08:17]} 16. Bd3 {[%clk 0:12:42]} Be6
{[%clk 0:08:06]} 17. b3 {[%clk 0:12:16]} Rhd8 {[%clk 0:06:14]} 18. Na4
{[%clk 0:11:57]} Nb5 {[%clk 0:05:51]} 19. Nc5 {[%clk 0:11:15]} Nd4
{[%clk 0:05:55]} 20. Bxa6 {[%clk 0:10:41]} Rdb8 {[%clk 0:04:57]} 21. Kb2
{[%clk 0:10:17]} Kd6 {[%clk 0:05:00]} 22. Rc1 {[%clk 0:10:00]} g5
{[%clk 0:04:13]} 23. Bb7 {[%clk 0:09:59]} Ra7 {[%clk 0:03:04]} 24. Bxc6
{[%clk 0:09:50]} Rc7 {[%clk 0:02:59]} 25. Nxe6 {[%clk 0:08:37]} fxe6
{[%clk 0:03:02]} 26. Ba4 {[%clk 0:08:40]} Rxc1 {[%clk 0:02:41]} 27. Kxc1
{[%clk 0:08:44]} g4 {[%clk 0:02:44]} 28. Kb2 {[%clk 0:08:28]} h5 {[%clk 0:02:36]}
29. a3 {[%clk 0:08:31]} Rf8 {[%clk 0:02:00]} 30. Bb5 {[%clk 0:07:42]} Rf4
{[%clk 0:01:46]} 31. Bd3 {[%clk 0:07:23]} h4 {[%clk 0:01:44]} 32. g3
{[%clk 0:07:20]} Rf3 {[%clk 0:01:40]} 33. gxh4 {[%clk 0:06:50]} Rh3
{[%clk 0:01:41]} 34. Be2 {[%clk 0:06:19]} Rxh4 {[%clk 0:01:45]} 35. Bd1
{[%clk 0:06:04]} Kc7 {[%clk 0:01:30]} 36. Kc3 {[%clk 0:06:01]} Rxh2
{[%clk 0:01:08]} 37. Bxg4 {[%clk 0:06:01]} Nb5+ {[%clk 0:00:52]} 38. Kc4
{[%clk 0:05:42]} Nd6+ {[%clk 0:00:53]} 39. Kd3 {[%clk 0:05:46]} Kd7
{[%clk 0:00:34]} 40. a4 {[%clk 0:05:50]} Rh1 {[%clk 0:00:30]} 41. Bd1
{[%clk 0:05:44]} Rh4 {[%clk 0:00:22]} 42. f3 {[%clk 0:05:45]} Rh8
{[%clk 0:00:26]} 43. b4 {[%clk 0:05:46]} Rb8 {[%clk 0:00:27]} 44. b5
{[%clk 0:05:48]} Nb7 {[%clk 0:00:31]} 45. Kc4+ {[%clk 0:05:51]} Kc7
{[%clk 0:00:35]} 46. Kb4 {[%clk 0:05:54]} Kb6 {[%clk 0:00:21]} 47. a5+
{[%clk 0:05:54]} Kc7 {[%clk 0:00:21]} 48. Bb3 {[%clk 0:05:53]} Nd6
{[%clk 0:00:23]} 49. b6+ {[%clk 0:05:55]} Kc6 {[%clk 0:00:26]} 50. Ba4+
{[%clk 0:05:59]} 1-0